Special Issue New Perspectives on Crime and Criminal Justice vol. 47

Detalles Bibliográficos
Autor principal: Sarat, Austin
Formato: eBook
Lenguaje:inglés
Publicado: Bingley: Emerald Group Publishing Limited, 2009
Materias:
Acceso en línea:Acceso restringido

MARC

LEADER 00000nam a22000007a 4500
005 2021022207227.0
007 cr|||| ||||
008 210222s2009 us |||||s|||| 00||0 eng d
020 |a 978-1-84855-652-2 
035 |a 32014 
040 |a vLex 
090 |c 11198  |d 11198 
100 1 |a Sarat, Austin 
245 1 0 |a Special Issue New Perspectives on Crime and Criminal Justice  |h [Recurso electrn̤ico] /  |c Austin Sarat  |n vol. 47 
256 |a Servicio en ln̕ea 
260 |a Bingley:  |b Emerald Group Publishing Limited,  |c 2009 
300 |a 1 recurso electrn̤ico 
506 1 |a Disponible solo en los productos indicados  |d vLex Global  |d vLex Global (Academic Edition, excluding Law Schools)  |d vLex Global (Academic Edition, Law Schools) 
650 0 4 |a Derecho Penal  |z Estados Unidos 
650 0 4 |a Ciencias sociales  |z Estados Unidos 
740 0 |a vLex Libros (Servicio en ln̕ea) 
856 4 0 |u http://vlex.com/source/32014  |z Acceso restringido 
942 |c BOOK 
999 0 |a Criminal Law 
999 0 |a Social Sciences